00322nam a2200121Ia 4500008004100000041000800041082001500049100002400064245004500088260002600133300003200159365000900191240624s9999 xx 000 0 und d aeng a300.72 PRI aPRIVITERA GREGORY J aRESEARCH METHODS FOR THE BEHAVIORAL SCIE c2014aNew DelhibSage axxix, : 593 : p. : cm. ; 26 cb38